01560cam a2200325 450000100060000000300080000600500170001400800410003102000150007203500190008704000270010604100080013308200240014110000430016524501230020826001070033130000260043835000110046450002000047550400300067565000640070565000470076970000750081670000580089171000760094971000390102594200120106499900170107695201410109315434BD-RjUL20211208235821.0140210s1973 mau bs 001 0 eng  a0875841058 a(BD-RjUL)15488 aDLCcDLCdBD-RjULbeng aeng00a658.00711bHII 19731 aHill, Thomas M.q(Thomas Mason)94793610aInstitution building in India ;ba study of international collaboration in management education /cby Thomas M. Hill . aBoston :bHarvard University, Graduate School of Business Administration, Division of Research,c1973. axvi, 381 p. :c27 cm. a$10.00 a"Conducted under joint sponsorship of the Harvard University Graduate School of Business Administration and the Alfred P. Sloan School of Management of the Massachusetts Institute of Technology." aBibliography: p. 373-376. 0aManagementxStudy and teachingzIndiaxCase studies.947937 0aInstitution buildingxCase studies.9479381 aHaynes, W. Warrenq(William Warren),d1921-1972,ejoint author.9461621 aBaumgartel, Howard John,d1920-ejoint author.9479392 aHarvard University.bGraduate School of Business Administration.9173142 aSloan School of Management.947940 2ddccBK c15434d15434 00102ddc40718NFICaRUCLbRUCLcReadingd1977-03-14eAsia Foundationl0o658.00711 HII 1973r2014-02-10 00:00:00tC-1w2014-02-10yBK